000
00312nam a22001457a 4500
003
SGT
020
_a
9788123907215
082
_a
618.97
_b
A16P
100
_a
PANDA, UN
245
_a
AN INTRODUCTION TO GERIATRICS
260
_a
INDIA
_b
CBS PUB
_c
2016
300
_a
192
650
_a
GERIATRICS
942
_2
ddc
_c
BK
999
_c
30445
_d
30445